Mexamérica (Record no. 110866)

MARC details
000 -LEADER
campo de control de longitud fija 01545nam a2200433 i 4500
001 - NÚMERO DE CONTROL
campo de control MOR01000111195
003 - IDENTIFICADOR DE NÚMERO DE CONTROL
campo de control $$amxcmmo
005 - FECHA Y HORA DE LA ÚLTIMA TRANSACCIÓN
campo de control 20260331231248.0
008 - DATOS DE LONGITUD FIJA--INFORMACIÓN GENERAL
campo de control de longitud fija 171103e201708 cmmo g bi 000 0dspa d
020 ## - NÚMERO INTERNACIONAL ESTÁNDAR DEL LIBRO
Número Internacional Estándar del Libro 9786077876502
Información calificativa (rústica)
035 ## - NÚMERO DE CONTROL DEL SISTEMA
Número de control de sistema 230106
040 ## - FUENTE DE CATALOGACIÓN
Centro catalogador/agencia de origen mxcmmo
Lengua de catalogación spa
Centro/agencia transcriptor mxcmmo
Normas de descripción rda
041 0# - CÓDIGO DE IDIOMA
Código de lengua del texto/banda sonora o título independiente spa
043 ## - CÓDIGO DE ÁREA GEOGRÁFICA
Código de área geográfica n-mx---
-- n-us---
045 ## - PERIODO DE TIEMPO DEL CONTENIDO
Código de periodo de tiempo x9y1
082 04 - NÚMERO DE LA CLASIFICACIÓN DECIMAL DEWEY
Número de clasificación 305.86872073
Número de ítem BER.m
100 1# - ENTRADA PRINCIPAL--NOMBRE DE PERSONA
Nombre de persona Berman, Fey
Término indicativo de función/relación autor
9 (RLIN) 201796
245 10 - MENCIÓN DEL TÍTULO
Título Mexamérica
Resto del título : una cultura naciendo.../
Mención de responsabilidad, etc. Fey Berman
250 ## - MENCION DE EDICION
Mención de edición Primera edición, agosto
264 #1 - PRODUCCIÓN, PUBLICACIÓN, DISTRIBUCIÓN, FABRICACIÓN Y COPYRIGHT
Producción, publicación, distribución, fabricación y copyright Ciudad de México:
Nombre del de productor, editor, distribuidor, fabricante Ediciones Proceso,
Fecha de producción, publicación, distribución, fabricación o copyright 2017
300 ## - DESCRIPCIÓN FÍSICA
Extensión 350 páginas:
Otras características físicas fotografías en blanco y negro;
Dimensiones 23 cm
336 ## - TIPO DE CONTENIDO
Término de tipo de contenido texto
Código de tipo de contenido txt
Fuente rdacontent
337 ## - TIPO DE MEDIO
Nombre/término del tipo de medio sin medio
Código del tipo de medio n
Fuente rdamedia
338 ## - TIPO DE SOPORTE
Nombre/término del tipo de soporte volumen
Código del tipo de soporte nc
Fuente rdacarrier
541 0# - NOTA DE FUENTE DE ADQUISICIÓN DIRECTA
Fuente de adquisición Dra. Eugenia Meyer
Número de registro Donación
650 #7 - PUNTO DE ACCESO ADICIONAL DE MATERIA--TÉRMINO DE MATERIA
Término de materia o nombre geográfico como elemento de entrada Mexiconorteamericanos
Subdivisión general Asimilación cultural
9 (RLIN) 201797
650 #7 - PUNTO DE ACCESO ADICIONAL DE MATERIA--TÉRMINO DE MATERIA
Término de materia o nombre geográfico como elemento de entrada Mexiconorteamericanos
Subdivisión general Condiciones sociales
9 (RLIN) 140968
651 #7 - PUNTO DE ACCESO ADICIONAL DE MATERIA--NOMBRE GEOGRÁFICO
Nombre geográfico Estados Unidos
Subdivisión general Civilización
-- Influencias mexicanas
9 (RLIN) 201798
651 #7 - PUNTO DE ACCESO ADICIONAL DE MATERIA--NOMBRE GEOGRÁFICO
Nombre geográfico Estados Unidos
Subdivisión general Emigración e inmigración
9 (RLIN) 6461
651 #7 - PUNTO DE ACCESO ADICIONAL DE MATERIA--NOMBRE GEOGRÁFICO
Nombre geográfico México
Subdivisión general Emigración e inmigración
-- Aspectos culturales
9 (RLIN) 175182
900 ## - ELEMENTOS DE DATOS A LOCAL, LDA (RLIN)
Nombre de persona BERENICE
Numeración 40
Títulos y otros términos asociados al nombre 20230710
Lenguaje de la obra MOR01
-- 1227
900 ## - ELEMENTOS DE DATOS A LOCAL, LDA (RLIN)
Nombre de persona CATY
Numeración 30
Títulos y otros términos asociados al nombre 20230116
Lenguaje de la obra MOR01
-- 0920
900 ## - ELEMENTOS DE DATOS A LOCAL, LDA (RLIN)
Nombre de persona LUIS
Numeración 20
Títulos y otros términos asociados al nombre 20221214
Lenguaje de la obra MOR01
-- 1512
900 ## - ELEMENTOS DE DATOS A LOCAL, LDA (RLIN)
Nombre de persona LUIS
Numeración 20
Títulos y otros términos asociados al nombre 20221214
Lenguaje de la obra MOR01
-- 1512
900 ## - ELEMENTOS DE DATOS A LOCAL, LDA (RLIN)
Nombre de persona VOBO
Numeración 40
Títulos y otros términos asociados al nombre 20230717
Lenguaje de la obra MOR01
-- 1251
900 ## - ELEMENTOS DE DATOS A LOCAL, LDA (RLIN)
Nombre de persona VOBO
Numeración 40
Títulos y otros términos asociados al nombre 20230717
Lenguaje de la obra MOR01
-- 1252
904 ## - ELEMENTOS DE DATOS D LOCAL, LDD (RLIN)
a UPDATE
942 ## - ELEMENTOS DE ENTRADA SECUNDARIOS (KOHA)
Código de la institución [OBSOLETO] BK
901 ## - ELEMENTOS DE DATOS A LOCAL LDA (RLIN)
a batch batch
Holdings
Estatus retirado Estado de pérdida Fuente del sistema de clasificación o colocación Estado de daño No para préstamo Colección Biblioteca de origen Biblioteca actual Ubicación en estantería Fecha de adquisición Fuente de adquisición Número de inventario Total de préstamos Signatura topográfica completa Código de barras Visto por última vez Precio de reemplazo Tipo de ítem Koha
    Clasificación Decimal Dewey     Libros (General) Biblioteca Instituto Mora Biblioteca Instituto Mora Regular 16/01/2023   138552   (G)/305.86872073 BER.m 33006801142998 03/09/2024 03/09/2024 Libro préstamo regular